Catálogo - Centro de Recursos para el Aprendizaje y la Investigación

Volver al Sitio - CRAI Biblioteca

XV Aniversario de la Consolidación de la Suprema Corte de Justicia de la Nación como Tribunal Constitucional de México : (Registro nro. 113617)

Detalles MARC
000 -CABECERA
campo de control de longitud fija 00905nam a22002177a 4500
001 - NÚMERO DE CONTROL
campo de control 113617
003 - IDENTIFICADOR DEL NÚMERO DE CONTROL
campo de control DR-UNIBE
005 - FECHA Y HORA DE LA ÚLTIMA TRANSACCIÓN
campo de control 20260306062556.0
008 - DATOS DE LONGITUD FIJA--INFORMACIÓN GENERAL
campo de control de longitud fija 250513b2010 mx ||||| |||| 00| 0 spa d
040 ## - FUENTE DE LA CATALOGACIÓN
Centro catalogador/agencia de origen BIBLIOTECA UNIBE
Centro/agencia transcriptor BIBLIOTECA UNIBE
Normas de descripción rda
041 ## - CÓDIGO DE LENGUA
Código de lengua del texto/banda sonora o título independiente spa
082 ## - NÚMERO DE LA CLASIFICACIÓN DECIMAL DEWEY
Número de clasificación 342.9725 M611
110 2# - ENTRADA PRINCIPAL--NOMBRE DE ENTIDAD CORPORATIVA
Nombre de entidad corporativa o nombre de jurisdicción como elemento de entrada México.
Unidad subordinada Suprema Corte de Justicia de la Nación
245 10 - MENCIÓN DE TÍTULO
Título XV Aniversario de la Consolidación de la Suprema Corte de Justicia de la Nación como Tribunal Constitucional de México :
Resto del título 15 años 9a época (1995-2010)
260 ## - PUBLICACIÓN, DISTRIBUCIÓN, ETC.
Lugar de publicación, distribución, etc. México :
Nombre del editor, distribuidor, etc. Suprema Corte de Justicia de la Nación,
Fecha de publicación, distribución, etc. 2010
300 ## - DESCRIPCIÓN FÍSICA
Extensión viii, 49 páginas :
Otras características físicas ilustraciones
700 ## - PUNTO DE ACCESO ADICIONAL--NOMBRE DE PERSONA
Nombre de persona Ortíz Mayagoitia, Guillermo Iberio,
Fechas asociadas al nombre 1941-
Término indicativo de función/relación prologuista
9 (RLIN) 195018
700 ## - PUNTO DE ACCESO ADICIONAL--NOMBRE DE PERSONA
Nombre de persona Valls Hernández, Sergio Armando,
Fechas asociadas al nombre 1941-
Término indicativo de función/relación prologuista
9 (RLIN) 194223
700 1# - PUNTO DE ACCESO ADICIONAL--NOMBRE DE PERSONA
Nombre de persona Saldivar Lelo de Larrea, Arturo
Término indicativo de función/relación prologuista
9 (RLIN) 195301
942 ## - ELEMENTOS DE PUNTO DE ACCESO ADICIONAL (KOHA)
Fuente del sistema de clasificación o colocación Sistema de Clasificación Decimal Dewey
Tipo de ítem Koha Libro (general)
Existencias
Estado de retiro Estado de pérdida Fuente del sistema de clasificación o colocación No para préstamo Código de colección Localización permanente Fecha de adquisición Total de préstamos Signatura topográfica completa Código de barras Fecha visto por última vez Número de copia Precio válido a partir de Tipo de ítem Koha
  Disponible Sistema de Clasificación Decimal Dewey   General Biblioteca Central UNIBE 01/01/2025   342.9725 M611 250256 29/05/2025 Ej. 1 29/05/2025 Libro (general)